Vista normal
Vista MARC
Entrada Materia (geográfica)
Número de registros utilizados en: 1
001 - CONTROL NUMBER
- control field: 65430
003 - CONTROL NUMBER IDENTIFIER
- control field: Co-BoUCM
005 - DATE AND TIME OF LATEST TRANSACTION
- control field: 20141021094515.0
008 - FIXED-LENGTH DATA ELEMENTS
- fixed length control field: 141021|| aca||aabn | a|a d
040 ## - CATALOGING SOURCE
- Original cataloging agency: Co-BoUCM
- Transcribing agency: Co-BoUCM
151 ## - HEADING--GEOGRAPHIC NAME
- Geographic name: Estados Unidos
- General subdivision: Condiciones económcas
670 ## - SOURCE DATA FOUND
- Source citation: Work cat.: (Co-BoUCM)296961: González-Rivera, Gloria 65428, Forecasting for economics and business , 2013